000 00714nam a2200265Ia 4500
003 OSt
005 20220918165333.0
006 a|||||r|||| 00| 0
007 ta
008 220917b |||||||| |||| 00| 0 eng d
020 _a3540128557
024 _a9,328
037 _cTextual
040 _aARTS
_cARTS
_beng
041 _2eng
_aeng
082 _aS:2-4, M4
100 _aPrinz W ed
_923874
245 0 _aCognition and motor processes
260 _aNew York
_bSpringer-Verlag
_c1984
300 _ax,378p
_ccm.
650 _aPYSCHOLOGY - EXPERIMENTAL METHODS
700 _a Sanders A F ed
_923875
942 _hS:2-4, M4
_cTEXL
_2CC
999 _c129398
_d129398